Adolescencia, la aventura de una metamorfosis: guia pedagógica para el uso del programa (Registro nro. 2849)
[ vista simple ]
| 000 -CABECERA | |
|---|---|
| campo de control de longitud fija | 00576aam a2200193 4500 |
| 005 - FECHA Y HORA DE ACTUALIZACIÓN | |
| campo de control | 20161116093635.0 |
| 008 - LONGITUD FIJA | |
| campo de control de longitud fija | 150615b xxu||||| |||| 00| 0 spa d |
| 041 ## - IDIOMA | |
| Código de idioma del texto/pista de sonido o título separado | |
| 082 ## - CLASIFICACIÓN DECIMAL DEWEY | |
| Número de clasificación | 155.5 C331a |
| 100 ## - AUTOR PERSONAL | |
| Nombre de persona | Carvajal, Guillermo |
| 245 ## - TÍTULO PROPIAMENTE DICHO | |
| Título | Adolescencia, la aventura de una metamorfosis: guia pedagógica para el uso del programa |
| 260 ## - PIE DE IMPRENTA | |
| Lugar de publicación, distribución, etc. | Colombia |
| Nombre del editor, distribuidor, etc. | Tiresias |
| Fecha de publicación, distribución, etc. | 2009 |
| 300 ## - DESCRIPCIÓN FÍSICA | |
| Extensión | 40 páginas |
| 650 ## - Materia General | |
| Materia general | PSICOLOGÍA DEL ADOLESCENTE |
| 650 ## - Materia General | |
| Materia general | ADOLESCENCIA |
| 650 ## - Materia General | |
| Materia general | COMUNICACIÓN |
| 650 ## - Materia General | |
| Materia general | GUÍA |
| 942 ## - Punto de Acceso Adicional Koha | |
| Tipo de ítem Koha | Libro |
| Estado perdido | Estado dañado | No para préstamo | Biblioteca permanente | Biblioteca actual | Signatura completa | Código de barras | Precio efectivo a partir del | Tipo de ítem |
|---|---|---|---|---|---|---|---|---|
| Departamento de Biblioteca y Documentación Alfonso Chase Brenes | Departamento de Biblioteca y Documentación Alfonso Chase Brenes | 155.5 C331a | 16161 | 04/10/2016 | Libro |